1979 1293 1040 1311 1424 1197 1033 1459 1728 1474 1347 1733 1061 1608 1189 1975 1514 1947 1230 1124 1179 1400 1044 1368 1412 1690 1488 1095 1149 1638 1571 1505 1881 1639 1709 1765 1084 1101 1025 1900 1311 1198 1012 1349 1998 1499 1599 1652 1456 1591 1053 1053 1522 1265 1624 1986 1755 1734 1477 1929 1069 1041 1432 1147 1985 1053 1094 1175 1262 1163 1606 1821 1332 1127 1638 1283 1483 1375 1019 1803 1261 1041 1964 1972 1657 1112 1284 1623 1488 1426 1806 1834 1035 1202 1731 1058 1862 1348 1316 BCNSPRNW ULIB Ver.6.0+V

เปลี่ยนเป็นภาษาไทย

Change to English
 แสดงรายละเอียดบรรณานุกรม
  กลับหน้าหลัก

Brief Record : Get Marc (ISO 2709) : E-mail record : QR code < ปิดหน้าต่าง
LEADER : 00000nam 2200000uu 4500
001    13399114332
003     ULIB
008    120321s2552||||th 000 0 tha d
020    ^a9786165020190
090    ^aนว.^bก831พ 2552
100 0  ^aเก้าแต้ม
245 00 ^aพิศวาสแสงจันทร์/^cเก้าแต้ม
250    ^aพิมพ์ครั้งที่ 1
260    ^aกรุงเทพฯ :^bพิมพ์คำ,^c2552
300    ^a328 หน้า
710 1  ^aพิมพ์คำ
945    ^p230^l0^i16419
995    ^aกัณชพร
999    ^aใช้งานได้ทุกระบบ
รายการนี้ยังไม่มีแท็ก
คุณยังไม่ได้ล็อกอิน คุณสามารถมีกิจกรรมร่วมกับเว็บไซต์ได้ แต่ต้องล็อกอินก่อน ::
  ล็อกอิน

รายการสื่อสารสนเทศ

ลำดับที่ ประเภท เลขเรียก/บาร์โค้ด สถานที่ สถานะ
1. วิทยาศาสตร์การแพทย์ และสุขภาพ
วิทยาศาสตร์การแพทย์ และสุขภาพ
นว. ก831พ 2552  
  Barcode: 16419
ห้องสมุดวิทยาเขตสวรรค์ประชารักษ์
►นวนิยาย
บนชั้น
  ขอยืม

รายการใกล้เคียง
    ผู้แต่ง [เก้าแต้ม]

BibComment


ยังไม่เคยถูกคอมเมนท์

คอมเมนท์ทรัพยากรรายการนี้
  คอมเมนท์: พิศวาสแสงจันทร์ ..


 Copyright 2026. Bcnsprnw @Library